Stručná exkurze do definice finančních derivátů

Vymedzenie pojmu finančné deriváty v ekonomickej a encyklopedickej literatúre. Deriváty z pohľadu regulatorných a legislativných noriem.

Enregistré dans:
Détails bibliographiques
Auteur principal: Uhman, Jiří
Format: Chapitre de livre
Langue:tchèque
Sujets:
Tags: Ajouter un tag
Pas de tags, Soyez le premier à ajouter un tag!

MARC

LEADER 00000nla a2200000 4500
001 0176386
005 20231121083432.7
041 0 |a cze 
044 |a SK 
245 1 0 |a Stručná exkurze do definice finančních derivátů  |c Jiří Uhman 
520 |a Vymedzenie pojmu finančné deriváty v ekonomickej a encyklopedickej literatúre. Deriváty z pohľadu regulatorných a legislativných noriem. 
610 2 0 |a terminológia 
610 2 0 |a trh finančný 
610 2 0 |a deriváty 
610 2 0 |a legislatíva 
100 1 |a Uhman, Jiří